Prístupy a metódy hodnotenia ekosystémových služieb lesa

Koncept celkovej ekonomickej hodnoty ekosystémových služieb lesa.

Na minha lista:
Detalhes bibliográficos
Autor principal: Štěrbová, Martina
Formato: Capítulo de Livro
Idioma:eslovaco
Assuntos:
Tags: Adicionar Tag
Sem tags, seja o primeiro a adicionar uma tag!

MARC

LEADER 00000naa a2200000 4500
001 0239644
005 20220805074746.3
041 0 |a slo 
044 |a SK 
245 1 0 |a Prístupy a metódy hodnotenia ekosystémových služieb lesa  |c Martina Štěrbová 
520 |a Koncept celkovej ekonomickej hodnoty ekosystémových služieb lesa. 
610 2 0 |a ochrana prostredia životného 
610 2 0 |a ochrana rastlín 
610 2 0 |a lesy 
610 2 0 |a Slovensko 
610 2 0 |a politika ekologická 
100 1 |a Štěrbová, Martina